| 000 | 01120nac a22003257a 4500 | ||
|---|---|---|---|
| 001 | BR8303473 | ||
| 003 | BR-BrBNA | ||
| 005 | 20240105115800.0 | ||
| 008 | 230509b bl.|||m| |||| 00| 0 por d | ||
| 040 |
_aBR-BrBNA _bpor _cBiblioteca Nacional de Agricultura |
||
| 072 | _aL73 | ||
| 090 | _a4100 BR8303473 | ||
| 110 | 1 |
_aLaboratorio Nacional de Referencia Animal, Brasilia, DF (Brasil) _96662 |
|
| 245 | 1 | _aInformativo LANARA. Abril-maio-junho 1983 [doenca animal, estomatite, aftosa, leptospirose, anemia infecciosa, brucelose, raiva, peste suina africana, doenca de aujeszky, Laboratorio Nacional de Referencia Animal, Brasil] | |
| 260 | 3 |
_aBrasilia, DF (Brasil): _c1983. |
|
| 300 | _a57 p. | ||
| 490 |
_aInformativo LANARA (Brazil) _vv. 5(23) _x |
||
| 650 | _aDOENCA ANIMAL | ||
| 650 | _aESTOMATITE | ||
| 650 | _aAFTOSA | ||
| 650 | _aLEPTOSPIROSE | ||
| 650 | _aANEMIA INFECCIOSA | ||
| 650 | _aBRUCELOSE | ||
| 650 | _aRAIVA | ||
| 650 | _aPESTE SUINA AFRICANA | ||
| 650 | _aDOENCA DE AUJESZKY | ||
| 650 | _aDIAGNOSTICO | ||
| 909 |
_a202312 _bLúcia Elande _c55 _dLúcia Elande |
||
| 942 |
_2AGRIS _n0 _cMS |
||
| 999 |
_c276363 _d276363 |
||